Návrh opatrení na zlepšenie riadenia zmien v podniku Segula Slovensko s.r.o.

Gespeichert in:
Bibliographische Detailangaben
1. Verfasser: Dianová, Gabriela (Verfasst von)
Weitere Verfasser: Horváthová, Martina (Betreuung Doktorarbeit)
Format: Manuskript Buch
Sprache:Slowakisch
Veröffentlicht: 2025
Schlagworte:
Online-Zugang:http://is.stuba.sk/zp/portal_zp.pl?podrobnosti=193755
Tags: Tag hinzufügen
Keine Tags, Fügen Sie das erste Tag hinzu!

MARC

LEADER 00000ntm a22000003a 4500
001 stuzp104780
003 SK-STU
005 20250628212029.0
007 ta
008 150427s2015----xo-----f-mn---000-0-slo-d
040 |a STU  |b slo 
041 0 |a slo 
100 1 |a Dianová, Gabriela  |u 064000  |4 aut  |U MTF Materiálovotechnologická fakulta  |T MTF Ústav priemyselného inžinierstva a manažmentu  |X 116482  |U M4000  |Y 84  |7 116482 
242 0 1 |a Proposal of measures to improve change management in the company Segula Slovensko s.r.o.  |y eng 
245 1 0 |a Návrh opatrení na zlepšenie riadenia zmien v podniku Segula Slovensko s.r.o. 
260 |c 2025 
650 4 |a SWOT  |2 slo 
650 4 |a riadenie zmien  |2 slo 
650 4 |a mapovanie zručností  |2 slo 
650 4 |a 5 x prečo  |2 slo 
650 4 |a change management  |2 eng 
650 4 |a skills mapping  |2 eng 
650 4 |a SWOT  |2 eng 
650 4 |a 5 x why  |2 eng 
700 1 |a Horváthová, Martina  |u 064000  |k Z1  |4 ths  |U MTF Materiálovotechnologická fakulta  |T MTF Ústav priemyselného inžinierstva a manažmentu  |X 1507  |U M4000  |Y 84  |7 A000001507 
856 4 |u http://is.stuba.sk/zp/portal_zp.pl?podrobnosti=193755 
996 |c M* BP-9896  |l MMSKP  |s P  |a 0  |w stuzp104780_0001